Представление документа в формате MARC21

Поле Инд. ПП Название Значение
Тип записи m
Библиографический уровень m
001 Контрольный номер RU/LIBMSTU/425488001
005 Дата корректировки 20230131101647.9
008 Кодируемые данные 130416|||||||||ru |||||||||||000|||rus||
040 b Код языка каталог. rus
e Правила каталог. PSBO
041 0_ a Код языка текста rus
084 a Индекс другой классификации/Индекс ББК 74.58
090 x Авторский знак П 78
245 10 a Заглавие Программа преддипломной практики для студентов, обучающихся по специальности 260065.65 "Машины и аппараты пищевых производств"
c Ответственность Федер. агентство по рыболовству, Мурман. гос. техн. ун-т, Каф. технол. и холодил. оборудования ; сост. О. А. Голубева, Р. А. Плешкова
h Физич. носитель Электронный ресурс
256 a Характеристики компьютерного файла Электрон. текстовые дан. (1 файл : 217 Кб)
260 a Место издания Мурманск
b Издательство Изд-во МГТУ
c Дата издания 2012
500 a Примечание Доступ из локальной сети Мурман. гос. техн. ун-та. - Загл. с экрана
583 x Служебное примечание Полнотекстовые документы
x Служебное примечание Труды преподавателей МГТУ
z Открытое примечание 260000
z Открытое примечание 19.00.00
653 1_ a Ключевые слова Методические указания; Практика студентов преддипломная; Программы практики студентов; Электронные версии
a Ключевые слова Труды преподавателей МГТУ
856 0_ u URL https://elib.mauniver.ru/2012/M_12_329.pdf
901 t Тип документа m